Goya y el mundo a su alrededor

Uloženo v:
Podrobná bibliografie
Hlavní autor: López Rey, José (autor)
Médium: Kniha
Jazyk:španělština
Vydáno: Buenos Aires Sudamericana 1947
Témata:
Tagy: Přidat tag
Žádné tagy, Buďte první, kdo vytvoří štítek k tomuto záznamu!

MARC

LEADER 00000nam a2200000 a 4500
001 UCY8296
003 CL-VaPUC
008 950703e19470000AG |||||||||||||||||spa|d
082 0 4 |a 759.6  |b LOP  |2 21 
100 |a López Rey, José  |e autor  |9 362827 
245 1 0 |a Goya y el mundo a su alrededor 
300 |a 85 p 
942 |c BK 
945 |d 19950703 00:00:00  |a rbrito 
260 |a Buenos Aires  |b Sudamericana  |c 1947 
600 0 |a Goya y Lucientes, Francisco José de   |9 315215 
650 0 |a Pintura española   |9 315217 
650 0 |a Pintores españoles  |9 315216 
583 |a last modification  |c 19950703 00:00:00  |k Rodrigo Vera 
999 |c 235567  |d 235565 
952 |0 0  |1 0  |4 0  |6 759_600000000000000_LOP_1947  |7 0  |8 A  |9 243087  |a BIBART  |b BIBART  |d 2019-11-18  |i 3097463  |l 5  |m 4  |o 759.6 LOP 1947  |p 3097463  |r 2025-03-13  |s 2021-10-26  |w 2019-11-18  |y BK  |k ART